| 000 | 00588nam a2200229Ia 4500 | ||
|---|---|---|---|
| 008 | 180523s9999 xx 000 0 und d | ||
| 020 | _a981-265-637-5 | ||
| 050 | _aMAIN G 550 | ||
| 050 | _b.D47 2006 c.1 | ||
| 100 | _aDervaes, Claudine. | ||
| 245 | 0 | _aSelling cuises / | |
| 245 | 0 | _cClaudine Dervaes. | |
| 260 | _aSingapore : | ||
| 260 | _bThomson Learning, | ||
| 260 | _c2006 | ||
| 300 | _a152 pages : | ||
| 300 | _billustrations ; | ||
| 300 | _c25 cm. | ||
| 500 | _aIncludes bibliographical references and index. | ||
| 650 | _aOcean travel. | ||
| 650 | _xCruise ships. | ||
| 999 |
_c356671 _d356671 |
||